Violencia contra la mujer y su consecuencia en el desarrollo del país /

সংরক্ষণ করুন:
গ্রন্থ-পঞ্জীর বিবরন
প্রধান লেখক: Rubín, Gloria
বিন্যাস: পাঠ‍্য
বিষয়গুলি:
ট্যাগগুলো: ট্যাগ যুক্ত করুন
কোনো ট্যাগ নেই, প্রথমজন হিসাবে ট্যাগ করুন!

MARC

LEADER 00000 a a2200000 04500
001 12657
003
040
100 |a Rubín, Gloria  
245 |a Violencia contra la mujer y su consecuencia en el desarrollo del país /  |c Gloria Rubín 
650 |a VIOLENCIA CONTRA LA MUJER  
650 |a CONSECUENCIAS SOCIALES  
650 |a LEGISLACION SOCIAL  
650 |a VIOLENCIA CONTRA LA MUJER  
773 |g número 9; páginas 20-28  
999 |c 28797  |d 28797